Scientific investigation of yogic practices/ (Record no. 41084)

000 -LEADER
fixed length control field 00351nam a22001451a 4500
020 ## - INTERNATIONAL STANDARD BOOK NUMBER
ISBN 9788188134519
082 ## - DEWEY DECIMAL CLASSIFICATION NUMBER
Classification number 613.704 6
Item number USH/S
100 ## - MAIN ENTRY--AUTHOR NAME
Personal name Usha Lohan
245 ## - TITLE STATEMENT
Title Scientific investigation of yogic practices/
Statement of responsibility, etc by Usha Lohan
260 ## - PUBLICATION, DISTRIBUTION, ETC. (IMPRINT)
Place of publication New Delhi:
Name of publisher Satyam,
Year of publication 2006.
300 ## - PHYSICAL DESCRIPTION
Number of Pages 160p.
650 ## - SUBJECT ADDED ENTRY--TOPICAL TERM
Topical Term Yoga
650 ## - SUBJECT ADDED ENTRY--TOPICAL TERM
Topical Term Medicine
942 ## - ADDED ENTRY ELEMENTS (KOHA)
Koha item type Book
Holdings
Withdrawn status Lost status Damaged status Not for loan Permanent Location Current Location Date acquired Cost, normal purchase price Full call number Accession Number Cost, replacement price Price effective from Koha item type
        Sree Sankaracharya University of Sanskrit Sree Sankaracharya University of Sanskrit 08.01.2015 350.00 613.7046 USH/S 056527 0.00 08.01.2015 Book